[Event "Michigan Open Reserve"]
[Site "Flint, MI"]
[Date "1998.??.??"]
[Round "?"]
[White "Ligon, S."]
[Black "Cox, Nick"]
[Result "1/2-1/2"]
[WhiteElo "1605"]
[BlackElo "1605"]
[PlyCount "110"]
[EventDate "1998.09.??"]

1. e4 e5 2. Nf3 Nc6 3. Bc4 Nf6 4. Ng5 d5 5. exd5 Nxd5 6. Nxf7 Kxf7 7. Qf3+ Ke8
8. Bxd5 Qd7 9. O-O Bc5 10. Re1 Rf8 11. Bxc6 bxc6 12. Rxe5+ Kd8 13. Qe4 Bxf2+
14. Kh1 Bc5 15. Qc4 a5 16. Rxc5 Ba6 17. Qh4+ Qe7 18. Qxe7+ Kxe7 19. Re5+ Kd6
20. Re1 Rae8 21. Rg1 Rf1 22. Rxf1 Bxf1 23. d3 Re1 24. Bd2 Rd1 25. Bf4+ Kd7 26.
Kg1 Bxd3+ 27. Kf2 Bxc2 28. Ke2 Rxb1 29. Rxb1 Bxb1 30. Be5 Bxa2 31. Bxg7 c5 32.
Kd2 Bd5 33. g3 c4 34. Kc3 c6 35. Kd4 Be6 36. Kc5 Kc7 37. Bc3 Kb7 38. Bxa5 Ka6
39. Bc3 Kb7 40. Be5 Bd5 41. h4 Kc8 42. Kd6 Kb7 43. g4 Be4 44. Kc5 Bd3 45. g5
Be2 46. Bf4 Bd3 47. h5 Bc2 48. Kxc4 Kb6 49. b4 Be4 50. Be3+ Kc7 51. Kc5 Bd3 52.
Bf4+ Kb7 53. Be5 Be4 54. h6 Bd3 55. Bf4 Be4 1/2-1/2

[Event "U.S. Amateur North"]
[Site "Detroit, MI"]
[Date "1998.??.??"]
[Round "?"]
[White "Libby, Dan"]
[Black "Funderburg, James"]
[Result "1-0"]
[WhiteElo "1750"]
[BlackElo "1605"]
[PlyCount "76"]
[EventDate "1998.05.??"]

{5/23} 1. c4 e5 2. Nc3 f5 3. g3 Nf6 4. Bg2 Be7 5. e3 d6 6. Nge2 O-O 7. O-O Nc6
8. d4 e4 9. d5 Ne5 10. b3 Qe8 11. Nb5 Bd8 12. Nbd4 Qh5 13. Nf4 Qh6 14. Nde6
Nfg4 15. h3 Nf3+ 16. Bxf3 exf3 17. Qxf3 Bxe6 18. dxe6 Ne5 19. Qxb7 Be7 20. Kg2
Rfc8 21. e4 g5 22. Nd5 Qxe6 23. exf5 Qf7 24. Re1 h5 25. Bb2 g4 26. h4 Bf6 27.
Nxf6+ Qxf6 28. Qd5+ Kh7 29. Bxe5 dxe5 30. Qxe5 Qc6+ 31. Qe4 Qf6 32. Qe6 Qf8 33.
Qg6+ Kh8 34. Qxh5+ Kg7 35. Qxg4+ Kh8 36. Qh5+ Kg7 37. Rad1 Rd8 38. Rxd8 Rxd8
1-0

[Event "U.S. Amateur North"]
[Site "Detroit, MI"]
[Date "1998.??.??"]
[Round "?"]
[White "Libby, Dan"]
[Black "Biondo, Anthony"]
[Result "1-0"]
[WhiteElo "1750"]
[BlackElo "1605"]
[PlyCount "109"]
[EventDate "1998.05.??"]

{5/24} 1. c4 e5 2. g3 Nf6 3. Bg2 Bc5 4. e3 O-O 5. Nc3 d6 6. Nge2 c6 7. Na4 Bb4
8. a3 Ba5 9. b4 Bc7 10. O-O Be6 11. Qc2 Nbd7 12. Bb2 Re8 13. Rad1 d5 14. d3 Rc8
15. h3 a6 16. c5 Nf8 17. Nb6 Bxb6 18. cxb6 Ng6 19. f4 exf4 20. exf4 Bf5 21. Bd4
h5 22. a4 h4 23. a5 Qd7 24. Kh2 Nh5 25. g4 Bxg4 26. hxg4 Qxg4 27. Bf3 Rxe2+ 28.
Qxe2 Qg3+ 29. Kh1 Ngxf4 30. Qh2 Qxh2+ 31. Kxh2 Ng3 32. Rfe1 Nf5 33. Be5 Ng6 34.
d4 Re8 35. Bg2 f6 36. Bc7 Rxe1 37. Rxe1 Nxd4 38. Re8+ Kf7 39. Rb8 Ke7 40. Rxb7
Ne6 41. Bf4+ Kd8 42. Ra7 Ngxf4 43. Ra8+ Kd7 44. b7 Nc7 45. Rg8 Nfe6 46. b8=Q d4
47. Be4 Kd6 48. Qb6 Ke5 49. Bxc6 Kf4 50. Rxg7 Ke3 51. Rxc7 Nxc7 52. Qxc7 d3 53.
Ba4 d2 54. Qd6 f5 55. Qxa6 1-0

[Event "U.S. Amateur North"]
[Site "Detroit, MI"]
[Date "1998.??.??"]
[Round "?"]
[White "Levadi, David"]
[Black "Spindleman, Brian"]
[Result "1-0"]
[WhiteElo "1860"]
[BlackElo "1605"]
[PlyCount "86"]
[EventDate "1998.05.??"]

{5/23} 1. Nf3 Nf6 2. g3 g6 3. Bg2 Bg7 4. O-O O-O 5. d3 d5 6. Nbd2 Bg4 7. c4 c6
8. h3 Bxf3 9. Nxf3 h6 10. Qb3 Qb6 11. Qa3 Re8 12. Rb1 Qa6 13. b4 Qxa3 14. Bxa3
b5 15. cxb5 cxb5 16. Nd4 e6 17. Rfc1 a6 18. Rc7 e5 19. Nb3 Nbd7 20. Rbc1 Kh8
21. Bxd5 Nxd5 22. Rxd7 Ne7 23. Rcc7 Bf6 24. Bb2 Rad8 25. Rxd8 Rxd8 26. Bxe5
Bxe5 27. Rxe7 Bd6 28. Rxf7 Bxb4 29. Rf6 Kh7 30. Rxa6 Re8 31. e3 Rc8 32. Ra7+
Kh8 33. Rb7 Rf8 34. Rxb5 Be1 35. f4 Bxg3 36. Kg2 Bh4 37. Kf3 g5 38. f5 Rf6 39.
e4 Rf8 40. d4 h5 41. a4 g4+ 42. hxg4 hxg4+ 43. Kxg4 Rg8+ 1-0

[Event "Michigan Senior"]
[Site "Ann Arbor, MI"]
[Date "1998.??.??"]
[Round "?"]
[White "Levadi, David"]
[Black "Poschel, Paul"]
[Result "0-1"]
[WhiteElo "1860"]
[BlackElo "2255"]
[PlyCount "37"]
[EventDate "1998.06.??"]

{6/13} 1. c4 c5 2. g3 Nf6 3. Bg2 d5 4. cxd5 Nxd5 5. Nc3 Nc7 6. Nf3 Nc6 7. O-O
e5 8. d3 Be7 9. b3 O-O 10. Bb2 f6 11. Rc1 Rb8 12. a3 Be6 13. Nd2 Qd7 14. Re1
Rfd8 15. Na4 Na6 16. Ne4 Nd4 17. Nd2 Nxb3 18. Nxb3 Qxa4 19. Rc3 0-1

[Event "U.S. Amateur North"]
[Site "Detroit, MI"]
[Date "1998.??.??"]
[Round "?"]
[White "Levadi, David"]
[Black "Palmer, Tony"]
[Result "0-1"]
[WhiteElo "1860"]
[BlackElo "2025"]
[PlyCount "40"]
[EventDate "1998.05.??"]

{5/24} 1. Nf3 Nf6 2. g3 d5 3. Bg2 e6 4. O-O Bd6 5. d3 O-O 6. Nbd2 c6 7. c3 a5
8. Qc2 Qe7 9. e4 dxe4 10. Nxe4 Nxe4 11. dxe4 e5 12. Be3 Bc5 13. Rfe1 Na6 14.
Rad1 Bg4 15. Bc1 Rfd8 16. h3 Bh5 17. Kh2 b5 18. Rxd8+ Rxd8 19. Nh4 Qd7 20. Bf1
Bd1 0-1

[Event "Michigan Senior"]
[Site "Ann Arbor, MI"]
[Date "1998.??.??"]
[Round "?"]
[White "Levadi, David"]
[Black "LaForge, Tom"]
[Result "1/2-1/2"]
[WhiteElo "1860"]
[BlackElo "2005"]
[PlyCount "76"]
[EventDate "1998.06.??"]

{6/14} 1. Nf3 Nf6 2. g3 b6 3. Bg2 Bb7 4. O-O g6 5. d3 Bg7 6. e4 d6 7. Nbd2 Nbd7
8. c3 O-O 9. Nh4 e5 10. Qc2 a5 11. Nc4 d5 12. Ne3 dxe4 13. dxe4 Nc5 14. Rd1 Qc8
15. Nd5 Nxd5 16. exd5 Rd8 17. Be3 c6 18. dxc6 Rxd1+ 19. Rxd1 Bxc6 20. Bxc5 Bxg2
21. Bxb6 Bh3 22. Rd8+ Qxd8 23. Bxd8 Rxd8 24. Ng2 Bg4 25. Ne3 Bf3 26. Kf1 e4 27.
b4 Rd3 28. bxa5 Rxc3 29. Qb1 Bd4 30. a6 Rd3 31. Qc1 Kg7 32. h3 h5 33. Kg1 Kh7
34. Kh2 Kg7 35. a4 Kh7 36. Qc7 Bxe3 37. Qxf7+ Kh6 38. fxe3 Rd2+ 1/2-1/2

[Event "U.S. Amateur North"]
[Site "Detroit, MI"]
[Date "1998.??.??"]
[Round "?"]
[White "Levadi, David"]
[Black "Jointer, William"]
[Result "1-0"]
[WhiteElo "1860"]
[BlackElo "1605"]
[PlyCount "145"]
[EventDate "1998.05.??"]

{5/23} 1. Nf3 c5 2. g3 Nc6 3. Bg2 g6 4. O-O Bg7 5. c3 e6 6. e4 Nge7 7. d4 cxd4
8. cxd4 O-O 9. Nc3 Qa5 10. e5 d6 11. exd6 Nf5 12. d5 exd5 13. Qxd5 Be6 14. Qxa5
Nxa5 15. Ng5 Bd7 16. Rd1 h6 17. Nge4 Rac8 18. Nd5 Rfd8 19. Ne7+ Kh7 20. Nxc8
Rxc8 21. Bd2 Nc4 22. Bc3 Bxc3 23. bxc3 Kg7 24. Bh3 Rc6 25. Rab1 b6 26. Bg2 Rc8
27. Bf1 Rc6 28. Bg2 Rc8 29. Rd3 Rd8 30. Rb4 Be6 31. g4 Nfxd6 32. Rxc4 Bxc4 33.
Rxd6 Rxd6 34. Nxd6 Bxa2 35. Nc8 Be6 36. Nxa7 Bxg4 37. Bc6 Be6 38. Kg2 Kf6 39.
Kf3 Ke5 40. Nb5 f5 41. Ke3 g5 42. Nd4 f4+ 43. Kd3 Bh3 44. Nf3+ Kd6 45. Be4 Kc5
46. Nd2 Be6 47. Bb7 g4 48. Ne4+ Kb5 49. Kd4 Bb3 50. Nd6+ Ka5 51. Nc4+ Kb5 52.
Bd5 Bd1 53. Nd6+ Ka5 54. Nc4+ Kb5 55. Nb2 Be2 56. Nd3 g3 57. hxg3 fxg3 58. fxg3
h5 59. Nf4 Bg4 60. Bf7 Kc6 61. Bxh5 Bf5 62. Bf3+ Kd6 63. g4 Bh7 64. Be4 Bg8 65.
g5 b5 66. g6 Bc4 67. Bd5 Bxd5 68. Nxd5 Ke6 69. Kc5 Kd7 70. g7 b4 71. g8=Q b3
72. Qf7+ Kd8 73. Qe7+ 1-0

[Event "Michigan Beginners"]
[Site "Grand Rapids, MI"]
[Date "1998.??.??"]
[Round "?"]
[White "Lemke, R."]
[Black "Sanborn, Russell"]
[Result "1-0"]
[WhiteElo "1605"]
[BlackElo "1605"]
[PlyCount "77"]
[EventDate "1998.01.??"]

1. e4 e5 2. Nf3 Nc6 3. d3 Nf6 4. Nbd2 Bc5 5. g3 Ng4 6. Qe2 Nxf2 7. Rg1 Ng4 8.
Nh4 Bxg1 9. Qxg4 d5 10. Qxg7 Rf8 11. Ndf3 Bc5 12. Bh6 dxe4 13. Nxe5 Ke7 14.
Bg5+ Ke8 15. Bxd8 Nxd8 16. Qxh7 Bd4 17. Qxe4 Ne6 18. Nf5 Bxb2 19. Rd1 Bxe5 20.
Qxe5 f6 21. Qe4 Kf7 22. d4 Re8 23. Bc4 Kf8 24. Kf2 Ng5 25. Qd5 Be6 26. Qc5+ Kf7
27. Qxc7+ Kg6 28. Qg7+ Kxf5 29. Bd3+ Ne4+ 30. Bxe4+ Kxe4 31. Qg6+ f5 32. Qf6
Kd5 33. Qe5+ Kc6 34. d5+ Bxd5 35. Qxd5+ Kc7 36. Qd7+ Kb6 37. Qd6+ Kb5 38. Rd5+
Kc4 39. Qc5# 1-0

[Event "Michigan Beginners"]
[Site "Grand Rapids, MI"]
[Date "1998.??.??"]
[Round "?"]
[White "Lemke, R."]
[Black "Pleasant, Andrew"]
[Result "0-1"]
[WhiteElo "1605"]
[BlackElo "1605"]
[PlyCount "52"]
[EventDate "1998.01.??"]

1. Nf3 d5 2. g3 Nf6 3. Bg2 Bg4 4. h3 Bxf3 5. Bxf3 e6 6. d3 Nc6 7. Nd2 Nd4 8.
Bg2 Bd6 9. e3 Nc6 10. O-O O-O 11. Re1 Re8 12. e4 dxe4 13. dxe4 e5 14. Nc4 Bc5
15. Kh1 Bxf2 16. Rf1 Qxd1 17. Rxd1 Bxg3 18. Ne3 Nd4 19. c3 Ne2 20. Nf5 Bf4 21.
Bxf4 Nxf4 22. Bf3 Nxh3 23. Kh2 Nf4 24. Rg1 g6 25. Nh6+ Kg7 26. Bd1 Kxh6 0-1

[Event "Michigan Beginners"]
[Site "Grand Rapids, MI"]
[Date "1998.??.??"]
[Round "?"]
[White "Lemke, R."]
[Black "Moore, B."]
[Result "1-0"]
[WhiteElo "1605"]
[BlackElo "1605"]
[PlyCount "33"]
[EventDate "1998.01.??"]

1. Nf3 d5 2. g3 e6 3. Bg2 Nf6 4. O-O c5 5. Re1 Bd6 6. d3 Nc6 7. Nbd2 Qc7 8. e4
d4 9. Nc4 Be7 10. e5 Nd7 11. Bf4 O-O 12. Nh4 Kh8 13. Be4 g6 14. Qg4 Bxh4 15.
Qxh4 Ndxe5 16. Qf6+ Kg8 17. Bh6 1-0

[Event "Michigan Open Reserve"]
[Site "Flint, MI"]
[Date "1998.??.??"]
[Round "?"]
[White "Laurin, Edward"]
[Black "Crist, Kevin"]
[Result "1-0"]
[WhiteElo "1605"]
[BlackElo "1605"]
[PlyCount "93"]
[EventDate "1998.09.??"]

1. e4 e5 2. Nf3 Nf6 3. Nxe5 Nxe4 4. Qe2 d5 5. d3 Nf6 6. Nc6+ Qe7 7. Nxe7 Bxe7
8. Bg5 Be6 9. Nc3 c6 10. g3 Nbd7 11. Bg2 h6 12. Bxf6 Nxf6 13. Qe5 Rc8 14. O-O
O-O 15. Ne2 Nd7 16. Qd4 Nb6 17. Rab1 Bf6 18. Qb4 c5 19. Qa5 Rc6 20. Qxa7 Bc8
21. Nf4 Rd6 22. c4 dxc4 23. dxc4 Nxc4 24. Qxc5 Rd4 25. Rfd1 Rxd1+ 26. Rxd1 Nxb2
27. Rb1 Na4 28. Qc2 Nc3 29. Rb3 Na4 30. Bxb7 Bxb7 31. Rxb7 Nc3 32. Rc7 Nb5 33.
Rc8 Nd4 34. Rxf8+ Kxf8 35. Qc5+ Ke8 36. Nh5 Ne6 37. Nxf6+ gxf6 38. Qh5 Ke7 39.
Qxh6 Nc5 40. Qe3+ Ne6 41. f4 f5 42. g4 fxg4 43. f5 g3 44. hxg3 Kf6 45. fxe6
fxe6 46. a4 e5 47. a5 1-0

[Event "Michigan Open Reserve"]
[Site "Flint, MI"]
[Date "1998.??.??"]
[Round "?"]
[White "Laurin, Edward"]
[Black "Choate, Eric"]
[Result "0-1"]
[WhiteElo "1605"]
[BlackElo "1605"]
[PlyCount "119"]
[EventDate "1998.09.??"]

1. e4 e5 2. Nf3 d6 3. h3 Nf6 4. Nc3 Nc6 5. Bc4 Be7 6. d4 exd4 7. Nxd4 Bd7 8.
O-O O-O 9. Bf4 a6 10. Nxc6 Bxc6 11. e5 dxe5 12. Bxe5 Nd7 13. Bf4 Bg5 14. Qg4
Bxf4 15. Qxf4 Rc8 16. Rad1 Qf6 17. Qxf6 Nxf6 18. Nd5 Nxd5 19. Bxd5 Bxd5 20.
Rxd5 Rfe8 21. Rfd1 h6 22. Kf1 Kf8 23. Rd7 g6 24. Re1 Rxe1+ 25. Kxe1 Ke8 26. Rd4
Ke7 27. Ke2 Kf6 28. Ke3 Re8+ 29. Re4 Rxe4+ 30. Kxe4 Ke6 31. Kf4 c5 32. h4 f5
33. f3 b6 34. g4 fxg4 35. fxg4 Kf6 36. g5+ hxg5+ 37. hxg5+ Ke6 38. Ke4 b5 39.
c3 Kd6 40. a3 a5 41. b4 axb4 42. axb4 cxb4 43. cxb4 Ke6 44. Kf4 Kd5 45. Ke3 Kc4
46. Ke4 Kxb4 47. Ke5 Kc4 48. Kf6 b4 49. Kxg6 b3 50. Kf7 b2 51. g6 b1=Q 52. g7
Qb7+ 53. Kg6 Qe4+ 54. Kf6 Qh7 55. Kf7 Kd5 56. Kf6 Qg8 57. Kg6 Ke6 58. Kh6 Kf6
59. Kh5 Qxg7 60. Kh4 0-1

[Event "Lansing Action Quads"]
[Site "Lansing, MI"]
[Date "1998.??.??"]
[Round "?"]
[White "Lapinsky, W."]
[Black "Lapinsky, S."]
[Result "0-1"]
[WhiteElo "1605"]
[BlackElo "1605"]
[PlyCount "78"]
[EventDate "1998.??.??"]

1. e4 e5 2. Nf3 Nc6 3. Nc3 Nf6 4. Be2 d6 5. O-O Be7 6. d4 Bg4 7. h3 Bxf3 8.
Bxf3 exd4 9. Nd5 O-O 10. Nxe7+ Qxe7 11. Re1 Nb4 12. a3 Nc6 13. Bg5 Qe5 14. Bc1
Ne7 15. a4 Ng6 16. Ra3 c5 17. g3 b6 18. Bg4 Rad8 19. f4 Qe7 20. f5 Ne5 21. Kh2
Nfxg4+ 22. hxg4 g6 23. a5 b5 24. Bf4 Kg7 25. Rh1 Qb7 26. Qe2 b4 27. Raa1 a6 28.
Kg2 Rh8 29. g5 gxf5 30. Kg1 fxe4 31. Qh5 Nf3+ 32. Kf2 e3+ 33. Ke2 Qb5+ 34. Kd1
e2+ 35. Kc1 e1=Q+ 36. Rxe1 Nxe1 37. Qh6+ Kg8 38. Bxd6 Qe2 39. b3 Qxc2# 0-1

[Event "Lansing Action Quads"]
[Site "Lansing, MI"]
[Date "1998.??.??"]
[Round "?"]
[White "Lapinsky, W."]
[Black "Lapinsky, S."]
[Result "0-1"]
[WhiteElo "1605"]
[BlackElo "1605"]
[PlyCount "90"]
[EventDate "1998.??.??"]

1. e4 e5 2. Nf3 d6 3. Nc3 Nf6 4. Bc4 h6 5. O-O Be7 6. d3 Bg4 7. h3 Bh5 8. d4
exd4 9. Qxd4 Bxf3 10. gxf3 Nc6 11. Qe3 Qd7 12. f4 O-O-O 13. f5 Rdg8 14. Bxf7
Rf8 15. Bc4 Qe8 16. Re1 g6 17. Be6+ Kb8 18. Ne2 gxf5 19. Bxf5 Rfg8+ 20. Kf1 Rg5
21. Qb3 Rg7 22. Nf4 Rhg8 23. Be3 a6 24. Ne6 Na5 25. Qc3 Qb5+ 26. Qd3 Qxd3+ 27.
cxd3 Rg1+ 28. Ke2 Rxe1+ 29. Rxe1 h5 30. Rc1 Nc6 31. Nd4 Nxd4+ 32. Bxd4 c5 33.
Bxf6 Bxf6 34. Be6 Rg7 35. b3 Bd4 36. Kf3 Rg6 37. Bf5 Rf6 38. Rb1 d5 39. b4
dxe4+ 40. Kxe4 Kc7 41. bxc5 Bxc5 42. Rc1 Kd6 43. d4 Bxd4 44. Kxd4 Rxf5 45. Rd1
Rd5+ 0-1

[Event "Lansing Action Quads"]
[Site "Lansing, MI"]
[Date "1998.??.??"]
[Round "?"]
[White "Lapinsky, S."]
[Black "Triplett, Thomas"]
[Result "0-1"]
[WhiteElo "1605"]
[BlackElo "1895"]
[PlyCount "87"]
[EventDate "1998.??.??"]

1. e4 c5 2. Nf3 d6 3. d4 cxd4 4. Nxd4 Nf6 5. Nc3 a6 6. Be2 e5 7. Nf3 Be7 8. O-O
O-O 9. Bg5 Nbd7 10. a4 Qc7 11. Nd5 Nxd5 12. Bxe7 Nxe7 13. b3 Nf6 14. Bd3 Bg4
15. h3 Bd7 16. Qd2 Ng6 17. c4 Nf4 18. Kh2 Qc8 19. Ng1 Be6 20. Rad1 Rd8 21. Qe3
Qc5 22. Qxc5 dxc5 23. Bc2 Kf8 24. Nf3 Ng6 25. Kg1 Ke7 26. h4 Rxd1 27. Rxd1 Rd8
28. Rxd8 Kxd8 29. g3 h6 30. Ne1 b6 31. Kg2 Ne7 32. f3 Nc6 33. Kf2 Nd7 34. Ke3
Kc7 35. f4 f6 36. Nf3 Nd4 37. Bd1 Nxf3 38. Bxf3 Nb8 39. f5 Bf7 40. g4 Nc6 41.
h5 Nd4 42. Bd1 Kd7 43. Kd3 Kc6 44. Kc3 {[Remainder unavailable]} 0-1

[Event "Lansing Action Quads"]
[Site "Lansing, MI"]
[Date "1998.??.??"]
[Round "?"]
[White "Lapinsky, S."]
[Black "Charette, B."]
[Result "0-1"]
[WhiteElo "1605"]
[BlackElo "1605"]
[PlyCount "76"]
[EventDate "1998.??.??"]

1. e4 e5 2. Nf3 Nf6 3. Nc3 Bb4 4. Nd5 Bc5 5. Nxf6+ Qxf6 6. d3 h6 7. Be2 O-O 8.
O-O d6 9. a3 Qg6 10. Nh4 Qf6 11. Nf3 Nc6 12. b4 Bb6 13. c3 Be6 14. a4 a6 15.
Bb2 Rad8 16. b5 axb5 17. axb5 Ne7 18. c4 c6 19. bxc6 bxc6 20. Bc3 Bd4 21. Nxd4
exd4 22. Bd2 Ra8 23. Rxa8 Rxa8 24. Bg4 Bxg4 25. Qxg4 Ra3 26. Qe2 Ra2 27. Qd1 c5
28. Qc1 Nc8 29. f4 Nb6 30. Rf2 Na4 31. Be1 Nc3 32. Rxa2 Nxa2 33. Qb2 Nc3 34. f5
Kh7 35. Bxc3 dxc3 36. Qc2 g6 37. g4 h5 38. h3 Qd4+ {[Remainder unavailable]}
0-1

[Event "Lansing Action Quads"]
[Site "Lansing, MI"]
[Date "1998.??.??"]
[Round "?"]
[White "Lapinsky, S."]
[Black "Asbury, Victor"]
[Result "1-0"]
[WhiteElo "1605"]
[BlackElo "1605"]
[PlyCount "45"]
[EventDate "1998.??.??"]

1. e4 c5 2. Nf3 Nc6 3. d4 cxd4 4. Nxd4 g6 5. Nxc6 bxc6 6. Bg5 Bg7 7. c3 Nf6 8.
Bd3 O-O 9. O-O Rb8 10. Qc1 Qb6 11. b3 e6 12. Bh6 d5 13. Bxg7 Kxg7 14. exd5 cxd5
15. Nd2 Bd7 16. Qb2 Rfc8 17. Rac1 Qd6 18. Nf3 e5 19. Be2 Ne4 20. Nd2 Nc5 21.
Nf3 Bf5 22. Rfd1 f6 23. Bc4 $138 {[Remainder unavailable]} 1-0

[Event "Lansing Action Quads"]
[Site "Lansing, MI"]
[Date "1998.??.??"]
[Round "?"]
[White "Lapinsky, S."]
[Black "Asbury, Victor"]
[Result "1-0"]
[WhiteElo "1605"]
[BlackElo "1605"]
[PlyCount "63"]
[EventDate "1998.??.??"]

1. e4 c5 2. Nf3 Nc6 3. Bc4 g6 4. O-O Bg7 5. c3 Nf6 6. Re1 O-O 7. d3 a6 8. Bg5
b5 9. Bb3 Na5 10. Nbd2 Nxb3 11. Nxb3 c4 12. dxc4 bxc4 13. Nbd4 Bb7 14. Bxf6
Bxf6 15. e5 Bg7 16. Qe2 Qc7 17. Ng5 h6 18. Ngf3 Bxf3 19. Nxf3 Rab8 20. Rab1 a5
21. Nd4 Rb6 22. Nf3 Rfb8 23. Red1 Rb5 24. e6 dxe6 25. Nd4 R5b6 26. a4 Bxd4 27.
Rxd4 Rc8 28. Rbd1 Rd6 29. Rxd6 exd6 30. Qe3 h5 31. h3 Qd8 32. Qf4 $138 1-0

[Event "Michigan Senior"]
[Site "Ann Arbor, MI"]
[Date "1998.??.??"]
[Round "?"]
[White "LaForge, Tom"]
[Black "Lin, A."]
[Result "1/2-1/2"]
[WhiteElo "2000"]
[BlackElo "2235"]
[PlyCount "71"]
[EventDate "1998.06.??"]

{6/14} 1. e4 Nc6 2. Nf3 d6 3. d4 Bg4 4. Be3 Nf6 5. Nc3 h6 6. Be2 a6 7. h3 Bh5
8. a3 g5 9. Qd2 Bg7 10. d5 Bxf3 11. gxf3 Ne5 12. f4 gxf4 13. Bxf4 Ng6 14. Be3
Qd7 15. O-O-O b5 16. f4 c5 17. dxc6 Qxc6 18. Rhg1 Rh7 19. Rg3 Rc8 20. Bf3 Qc4
21. Rxg6 fxg6 22. e5 b4 23. axb4 Qxb4 24. exf6 Bxf6 25. Bd4 Rb8 26. Bc6+ Kf8
27. Na4 Rf7 28. Qxb4 Rxb4 29. c3 Rc4 30. Bd7 Bxd4 31. Rxd4 Rxd4 32. cxd4 Rxf4
33. Nc3 Rxd4 34. Be6 h5 35. Ne2 Re4 36. Kd2 {[Remainder illegible]} 1/2-1/2

[Event "U.S. Amateur North"]
[Site "Detroit, MI"]
[Date "1998.??.??"]
[Round "?"]
[White "LaForge, Tom"]
[Black "Jointer, William"]
[Result "0-1"]
[WhiteElo "2000"]
[BlackElo "1605"]
[PlyCount "80"]
[EventDate "1998.05.??"]

{5/23} 1. e4 c5 2. Nf3 Nc6 3. Bb5 d6 4. O-O g6 5. c3 Bg7 6. d4 cxd4 7. cxd4 a6
8. Bxc6+ bxc6 9. Nc3 Nf6 10. Be3 O-O 11. h3 Bd7 12. e5 Ne8 13. Qd2 Rb8 14. Bg5
f6 15. Bh6 fxe5 16. Bxg7 Kxg7 17. dxe5 d5 18. Ng5 h6 19. e6 hxg5 20. exd7 Qxd7
21. Ne4 g4 22. Nc5 Qf5 23. hxg4 Qxg4 24. f3 Qf5 25. g4 Qe5 26. b3 Qd6 27. Rac1
Nf6 28. Nxa6 Ra8 29. Nc5 Rh8 30. Rc2 Rh3 31. Qf4 e5 32. Nb7 Qc7 33. Qb4 Rah8
34. Rxc6 Qxc6 35. Qe7+ Kg8 36. Qd8+ Ne8 37. Kf2 Rh2+ 38. Kg1 Rh1+ 39. Kg2 Qc2+
40. Rf2 R8h2+ 0-1

[Event "Michigan Senior"]
[Site "Ann Arbor, MI"]
[Date "1998.??.??"]
[Round "?"]
[White "LaForge, Tom"]
[Black "Brown, Ralph"]
[Result "1-0"]
[WhiteElo "2000"]
[BlackElo "1610"]
[PlyCount "43"]
[EventDate "1998.06.??"]

{6/13} 1. e4 e5 2. Nf3 Nc6 3. Bb5 a6 4. Ba4 b5 5. Bb3 d6 6. c3 Na5 7. Bc2 Bg4
8. h3 Bxf3 9. Qxf3 Qf6 10. O-O Qxf3 11. gxf3 Nc6 12. Rd1 Nf6 13. d4 Nh5 14. a4
b4 15. d5 bxc3 16. dxc6 cxb2 17. Bxb2 Nf4 18. Nc3 Rb8 19. Bc1 Rb6 20. Bxf4 exf4
21. a5 Rxc6 22. Ba4 1-0

[Event "Michigan Beginners"]
[Site "Grand Rapids, MI"]
[Date "1998.??.??"]
[Round "?"]
[White "L'Esperance, Jeremy"]
[Black "Nolan, Robert"]
[Result "0-1"]
[WhiteElo "1605"]
[BlackElo "1605"]
[PlyCount "40"]
[EventDate "1998.01.??"]

1. e4 d5 2. exd5 Nf6 3. c4 c5 4. dxc6 Nxc6 5. g3 e5 6. Nf3 Bc5 7. Bg2 e4 8. Qe2
O-O 9. Ng5 Ng4 10. O-O Qxg5 11. Bxe4 Nd4 12. Qd1 Re8 13. Bc2 Ne2+ 14. Qxe2 Rxe2
15. d4 Qh5 16. h4 Bxd4 17. Rd1 Rxc2 18. b3 Rxf2 19. Be3 Nxe3 20. Rxd4 Rf1+ 0-1

[Event "Michigan Beginners"]
[Site "Grand Rapids, MI"]
[Date "1998.??.??"]
[Round "?"]
[White "L'Esperance, Jeremy"]
[Black "Masek, Adam"]
[Result "0-1"]
[WhiteElo "1605"]
[BlackElo "1605"]
[PlyCount "52"]
[EventDate "1998.01.??"]

1. e4 c6 2. g3 d5 3. Bg2 Nf6 4. Nc3 d4 5. Na4 e5 6. Nf3 Bg4 7. O-O b5 8. Qe2
Bxf3 9. Bxf3 bxa4 10. Qc4 c5 11. Qxa4+ Qd7 12. Qa5 Be7 13. d3 O-O 14. c3 Nc6
15. Qb5 a6 16. Qa4 Rfc8 17. Kg2 dxc3 18. bxc3 Qxd3 19. Bb2 Qb5 20. Qc2 Rab8 21.
Rab1 Qc4 22. Be2 Qxe4+ 23. Qxe4 Nxe4 24. Bxa6 Rd8 25. Rfd1 Nd2 26. Ra1 Rxb2 0-1

[Event "Michigan Class D/E"]
[Site "Grand Rapids, MI"]
[Date "1998.??.??"]
[Round "?"]
[White "Kyser, Bob"]
[Black "Ryskamp, John"]
[Result "0-1"]
[WhiteElo "1605"]
[BlackElo "1605"]
[PlyCount "62"]
[EventDate "1998.01.??"]

1. d4 e6 2. c4 Nf6 3. Bg5 Be7 4. Bxf6 Bxf6 5. e3 c5 6. Ne2 O-O 7. Nbc3 cxd4 8.
exd4 d6 9. Ne4 Be7 10. Nf4 Nd7 11. Bd3 Nf6 12. Ng5 Qa5+ 13. Qd2 Qxg5 14. h4 Qh6
15. f3 Nd7 16. g3 e5 17. Nd5 Qxd2+ 18. Kxd2 Bd8 19. g4 f6 20. Rag1 exd4 21. g5
fxg5 22. hxg5 g6 23. Rg3 Ne5 24. Be2 Be6 25. f4 Nd7 26. b4 Bxd5 27. cxd5 Rxf4
28. Rgh3 Nf8 29. Rg3 Rc8 30. Bg4 Rf2+ 31. Kd3 Rc3+ 0-1

[Event "Michigan Class D/E"]
[Site "Grand Rapids, MI"]
[Date "1998.??.??"]
[Round "?"]
[White "Kyser, Bob"]
[Black "Mitchell, Dave"]
[Result "0-1"]
[WhiteElo "1605"]
[BlackElo "1605"]
[PlyCount "98"]
[EventDate "1998.01.??"]

1. d4 d6 2. Bg5 h6 3. Bh4 Nf6 4. Nc3 c6 5. Bxf6 exf6 6. e3 Be7 7. Nge2 Bg4 8.
f3 Bh5 9. Nf4 Qa5 10. Nxh5 Qxh5 11. Ne4 f5 12. Ng3 Bh4 13. f4 Bxg3+ 14. Kd2
Qxd1+ 15. Rxd1 Bh4 16. Kc1 O-O 17. d5 c5 18. g3 Bf6 19. Bd3 g6 20. h4 h5 21. e4
fxe4 22. Bxe4 Nd7 23. Bf3 Nb6 24. b3 a5 25. a4 Rfe8 26. Rhe1 Bc3 27. Re2 Rxe2
28. Bxe2 Re8 29. Bf3 Re3 30. Rd3 Rxd3 31. cxd3 Be1 32. g4 hxg4 33. Bg2 Bxh4 34.
Kd2 Nd7 35. Kc3 f5 36. d4 cxd4+ 37. Kxd4 Bg3 38. Ke3 Nc5 39. Bf1 Nxb3 40. Bb5
Nc5 41. Be8 Kg7 42. Bb5 Ne4 43. Bf1 Bf2+ 44. Ke2 Kf6 45. Bg2 Nc3+ 46. Kxf2 Nxa4
47. Bf1 g5 48. Ke3 Nb6 49. fxg5+ Kxg5 0-1

[Event "U.S. Amateur North"]
[Site "Detroit, MI"]
[Date "1998.??.??"]
[Round "?"]
[White "Kyser, Bob"]
[Black "Hess, Michael"]
[Result "1-0"]
[WhiteElo "1605"]
[BlackElo "1605"]
[PlyCount "115"]
[EventDate "1998.05.??"]

{5/23} 1. d4 d5 2. Bg5 Nc6 3. e3 h6 4. Bh4 Nf6 5. Bxf6 exf6 6. c4 Bb4+ 7. Nd2
dxc4 8. Bxc4 Qe7 9. a3 Bd6 10. Ne2 Bf5 11. Qb3 O-O-O 12. Bxf7 Na5 13. Qa2 Rhf8
14. Bd5 Bd3 15. b4 Bxe2 16. Kxe2 Nc6 17. Bxc6 bxc6 18. Rac1 Kd7 19. Qc4 Ke8 20.
Qxc6+ Qd7 21. Qxd7+ Rxd7 22. Ne4 Re7 23. Nxd6+ cxd6 24. Rc8+ Kf7 25. Rxf8+ Kxf8
26. Rc1 Kf7 27. h4 g5 28. h5 f5 29. g3 f4 30. d5 Re5 31. Rd1 fxg3 32. f3 g2 33.
e4 Re7 34. Rc1 Kf6 35. Kf2 g4 36. Kxg2 gxf3+ 37. Kxf3 Kg5 38. a4 Rf7+ 39. Ke3
Kxh5 40. Rg1 Rb7 41. b5 Kh4 42. Rg6 h5 43. Rxd6 Kg4 44. Rg6+ Kh3 45. e5 Re7 46.
Kd4 Rd7 47. e6 Rd6 48. Kc5 Rb6 49. d6 Rb8 50. d7 Rf8 51. e7 Rf5+ 52. Kd6 Rf4
53. Kc7 Rc4+ 54. Rc6 Rxa4 55. d8=Q h4 56. Qg8 Re4 57. Rc3+ Kh2 58. Rc2+ 1-0

[Event "Michigan Class D/E"]
[Site "Grand Rapids, MI"]
[Date "1998.??.??"]
[Round "?"]
[White "Kyser, Bob"]
[Black "Bainbridge, Chris"]
[Result "1-0"]
[WhiteElo "1605"]
[BlackElo "1605"]
[PlyCount "115"]
[EventDate "1998.01.??"]

1. d4 e6 2. c4 d5 3. Nc3 Nf6 4. Bg5 dxc4 5. e3 Bb4 6. Bxc4 c6 7. Nge2 O-O 8.
Qb3 a5 9. O-O Bxc3 10. Nxc3 Nbd7 11. d5 Nc5 12. Qc2 Qd6 13. Bxf6 exd5 14. Bxg7
Kxg7 15. Rad1 Qg6 16. Qxg6+ hxg6 17. Be2 Bf5 18. g4 Be4 19. f3 Bc2 20. Rd2 Ba4
21. b3 Bxb3 22. axb3 Nxb3 23. Rb2 Nc5 24. Ra1 Rfe8 25. Kf2 a4 26. Nxa4 Rxa4 27.
Rxa4 Nxa4 28. Rxb7 Nc3 29. Rc7 Re6 30. f4 Ne4+ 31. Ke1 c5 32. Bd3 c4 33. Bc2 d4
34. Rxc4 Nc3 35. Rxd4 Rxe3+ 36. Kd2 Re2+ 37. Kxc3 Rxh2 38. g5 Rh3+ 39. Kc4 Rf3
40. Kd5 f6 41. Ke4 Rh3 42. Rd7+ Kf8 43. gxf6 Rh4 44. Bb3 Ke8 45. Rg7 Rh6 46.
Bf7+ Kd7 47. Bxg6+ Ke6 48. Bf5+ Kxf6 49. Rg5 Kf7 50. Ke5 Rf6 51. Rg1 Rc6 52.
Rd1 Ke7 53. Rd7+ Ke8 54. Be6 Rc5+ 55. Kd6 Rc8 56. Re7+ Kd8 57. Bxc8 Kxc8 58. f5
1-0